00751nam a2200229 a 450000100060000000300080000600500170001400800410003102000150007203500190008704000320010604100080013808200290014624501280017526000530030330000260035650400270038265000310040970000210044070000220046183000380048369279BD-RjUL20211209081852.0740723s1974 nyu b 001 0 eng  a0379005131 a(BD-RjUL)69490 aDLCcDLCdDLCdBD-RjULbeng aeng00223a917.306957bKOR 197414aThe Koreans in America, 1882-1974 :ba chronology & fact book /ccompiled and edited by Hyung-chan Kim and Wayne Patterson. aDobbs Ferry, N.Y. :bOceana Publications,c1974. avii, 147 p. ;c24 cm. aBibliography and index 0aKorean AmericansxHistory.1 aKim, Hyung-chan 1 aPatterson, Wayne  aEthnic chronology series,vno. 16